[Event "NOR-ch U09"]
[Site "Stavanger/Sandnes"]
[Date "2014.11.16"]
[Round "7"]
[White "Kran, Ole Christian Bakke"]
[Black "Horstad, Jakob"]
[Result "1-0"]
[WhiteElo "777"]
[BlackElo "624"]
[PlyCount "73"]
[EventDate "2014.11.14"]
[EventType "swiss"]
[EventRounds "7"]
[EventCountry "NOR"]
[SourceTitle "EXT 2024"]
[Source "ChessBase"]
[SourceDate "2023.10.10"]
[SourceVersion "1"]
[SourceVersionDate "2023.10.10"]
[SourceQuality "1"]

1. c4 e5 2. Nc3 Nc6 3. g3 b6 4. Bg2 Bb7 5. e4 Bb4 6. Nge2 Nf6 7. d3 0-0 8. 0-0 Qe7 9. a3 Bxc3 10. Nxc3 Nd4 11. Be3 d6 12. Bxd4 exd4 13. Ne2 c5 14. b4 Rfe8 15. Re1 Qe5 16. f4 Qh5 17. h3 Bc8 18. f5 g6 19. Nf4 Qh6 20. Ne2 gxf5 21. exf5 Bxf5 22. Bxa8 Rxa8 23. Nf4 Bxh3 24. Nxh3 Qxh3 25. Ra2 Ng4 26. Qf3 a5 27. b5 Kh8 28. Qxa8+ Kg7 29. Qg2 Qh6 30. Re4 f5 31. Rxg4+ fxg4 32. Qf2 Qc1+ 33. Kg2 Qc3 34. Re2 Qxa3 35. Re7+ Kg8 36. Qf7+ Kh8 37. Qxh7# 1-0